Online
Catalog

Poetas del mundo : (Record no. 2723)

MARC details
000 -CABECERA
campo de control de longitud fija 00958cam a2200253 a 4500
001 - NÚMERO DE CONTROL
campo de control 000002889
005 - FECHA Y HORA DE LA ÚLTIMA TRANSACCIÓN
campo de control 20200929150258.0
008 - DATOS DE LONGITUD FIJA--INFORMACIÓN GENERAL
campo de control de longitud fija 990830s1998 pe 001 p spa
020 ## - NÚMERO INTERNACIONAL ESTÁNDAR DEL LIBRO
Número Internacional Estándar del Libro 9972450619
040 ## - FUENTE DE LA CATALOGACIÓN
Centro catalogador/agencia de origen DO-SdBNP
Centro/agencia transcriptor DLC
Centro/agencia modificador DLC
082 ## - NÚMERO DE LA CLASIFICACIÓN DECIMAL DEWEY
Número de clasificación 861
Número de documento/Ítem P745m
245 00 - MENCIÓN DE TÍTULO
Título Poetas del mundo :
Resto del título encuentro.
260 ## - PUBLICACIÓN, DISTRIBUCIÓN, ETC.
Lugar de publicación, distribución, etc. Lima, Perú :
Nombre del editor, distribuidor, etc. Fondo de Cultura Económica :
-- Universidad de Lima,
Fecha de publicación, distribución, etc. 1998.
300 ## - DESCRIPCIÓN FÍSICA
Extensión 256 p. ;
Dimensiones 27 cm.
490 1# - MENCIÓN DE SERIE
Mención de serie Encuentros
500 ## - NOTA GENERAL
Nota general "Textos de los poetas participantes en el Encuentro 'Poetas del Mundo,' organizado por la Universidad de Lima ... en septiembre de 1998"--P. 9.
650 #4 - PUNTO DE ACCESO ADICIONAL DE MATERIA--TÉRMINO DE MATERIA
Término de materia o nombre geográfico como elemento de entrada Poesía
Subdivisión general Colecciones
Subdivisión cronológica SIGLO XX
9 (RLIN) 9177
650 #4 - PUNTO DE ACCESO ADICIONAL DE MATERIA--TÉRMINO DE MATERIA
Término de materia o nombre geográfico como elemento de entrada Poesía moderna
Subdivisión cronológica SIGLO XX
9 (RLIN) 8863
710 2# - PUNTO DE ACCESO ADICIONAL--NOMBRE DE ENTIDAD CORPORATIVA
Nombre de entidad corporativa o nombre de jurisdicción como elemento de entrada Fondo de Cultura Económica.
9 (RLIN) 9178
710 2# - PUNTO DE ACCESO ADICIONAL--NOMBRE DE ENTIDAD CORPORATIVA
Nombre de entidad corporativa o nombre de jurisdicción como elemento de entrada Universidad de Lima.
9 (RLIN) 9179
711 2# - PUNTO DE ACCESO ADICIONAL--NOMBRE DE REUNIÓN/CONGRESO
Nombre de congreso/reunión o jurisdicción como elemento de entrada Encuentro "Poetas del Mundo"
Fecha del congreso/reunión (1998 :
Sede del congreso/Lugar de la reunión Universidad de Lima)
9 (RLIN) 9180
830 #0 - PUNTO DE ACCESO ADICIONAL DE SERIE-TÍTULO UNIFORME
Título uniforme Encuentros
9 (RLIN) 9181
910 ## - DATOS DE OPCIÓN DEL USUARIO (OCLC)
Datos de opción del usuario Catalogación por copia / LC
Holdings
Estado de retiro Estado de pérdida Restricciones de uso No para préstamo Código de colección Localización permanente Ubicación/localización actual Ubicación en estantería Fecha de adquisición Número de inventario Total de préstamos Signatura topográfica completa Código de barras Fecha visto por última vez Precio válido a partir de Tipo de ítem Koha
    Préstamo interno   Monografías: Libros y Folletos General General En catalogación 04.07.2009 LF1   861 P745m 2889-10 25.06.2020 25.06.2020 Préstamo interno

Powered by Koha